Śikshānītira kaẏekaṭi kathā / (Record no. 81379)
[ view plain ]
| 000 -LEADER | |
|---|---|
| fixed length control field | 00710nam a2200229 i 4500 |
| 001 - CONTROL NUMBER | |
| control field | sa 68006602 |
| 003 - CONTROL NUMBER IDENTIFIER | |
| control field | DLC |
| 005 - DATE AND TIME OF LATEST TRANSACTION | |
| control field | 20260227112517.0 |
| 008 - FIXED-LENGTH DATA ELEMENTS--GENERAL INFORMATION | |
| fixed length control field | 840921s1966 bg b 00010 beno |
| 010 ## - LIBRARY OF CONGRESS CONTROL NUMBER | |
| LC control number | sa 68006602 //r84 |
| 020 ## - INTERNATIONAL STANDARD BOOK NUMBER | |
| Terms of availability | Rs6.50 |
| 050 0# - LIBRARY OF CONGRESS CALL NUMBER | |
| Classification number | LB1025 |
| Item number | .K85 1966 |
| 100 10 - MAIN ENTRY--PERSONAL NAME | |
| Personal name | Kuddus, Mohāmmada Ābadula, |
| Dates associated with a name | 1908- |
| 245 10 - TITLE STATEMENT | |
| Title | Śikshānītira kaẏekaṭi kathā / |
| Statement of responsibility, etc. | Mohāmmada Ābadula Kuddus. |
| 250 ## - EDITION STATEMENT | |
| Edition statement | [Paribardhita o parimārjita 4. saṃskaraṇa]. |
| 260 0# - PUBLICATION, DISTRIBUTION, ETC. | |
| Place of publication, distribution, etc. | Kumillā : |
| Name of publisher, distributor, etc. | Golāma Kuddus, |
| Date of publication, distribution, etc. | [1966] |
| 300 ## - PHYSICAL DESCRIPTION | |
| Extent | 5, 4, 318, 12, 4 p. ; |
| Dimensions | 23 cm. |
| 500 ## - GENERAL NOTE | |
| General note | In Bengali. |
| 504 ## - BIBLIOGRAPHY, ETC. NOTE | |
| Bibliography, etc. note | Bibliography: p. [1]-4 (last group) |
| 650 #0 - SUBJECT ADDED ENTRY--TOPICAL TERM | |
| Topical term or geographic name entry element | Teaching. |
| 650 #0 - SUBJECT ADDED ENTRY--TOPICAL TERM | |
| Topical term or geographic name entry element | Education |
| Geographic subdivision | Pakistan. |
No items available.